Paris-Roubaix Winners (since 2000) - Statistics

General Stats
  • This quiz has been taken 280 times
    16 since last reset
  • The average score is 19 of 26
Answer Stats
Year Nationality Answer Team % Correct
2025 The Netherlands Mathieu van der Poel Alpecin-Deceuninck
100%
2024 The Netherlands Mathieu van der Poel Alpecin-Deceuninck
100%
2023 The Netherlands Mathieu van der Poel Alpecin-Deceuninck
100%
2018 Slovakia Peter Sagan Bora-Hansgrohe
100%
2026 Belgium Wout van Aert Visma–Lease a Bike
100%
2012 Belgium Tom Boonen Omega Pharma-Quick-Step
94%
2009 Belgium Tom Boonen Quick-Step
94%
2008 Belgium Tom Boonen Quick-Step
94%
2005 Belgium Tom Boonen Quick-Step-Innergetic
94%
2013 Switzerland Fabian Cancellara RadioShack-Leopard
88%
2010 Switzerland Fabian Cancellara Team Saxo Bank
88%
2006 Switzerland Fabian Cancellara Team CSC
88%
2022 The Netherlands Dylan van Baarle Ineos Grenadiers
81%
2017 Belgium Greg Van Avermaet BMC Racing Team
69%
2002 Belgium Johan Museeuw Domo-Farm Frites
69%
2000 Belgium Johan Museeuw Mapei-GB
69%
2019 Belgium Philippe Gilbert Deceuninck-Quick-Step
69%
2021 Italy Sonny Colbrelli Team Bahrain Victorious
69%
2003 Belgium Peter Van Petegem Lotto-Domo
56%
2015 Germany John Degenkolb Team Giant-Alpecin
50%
2016 Australia Mathew Hayman Orica-GreenEDGE
50%
2014 The Netherlands Niki Terpstra Omega Pharma-Quick-Step
50%
2011 Belgium Johan Vansummeren Garmin-Cervélo
25%
2004 Sweden Magnus Bäckstedt Alessio-Bianchi
25%
2001 The Netherlands Servais Knaven Domo-Farm Frites-Latexco
25%
2007 Australia Stuart O'Grady Team CSC
25%
No matching quizzes found
Score Distribution
Percent of People with Each Score
Percentile by Number Answered
Your Score History
You have not taken this quiz since the last reset